<?xml version="1.0" encoding="UTF-8"?>
<record
    xmlns:xsi="http://www.w3.org/2001/XMLSchema-instance"
    xsi:schemaLocation="http://www.loc.gov/MARC21/slim http://www.loc.gov/standards/marcxml/schema/MARC21slim.xsd"
    xmlns="http://www.loc.gov/MARC21/slim">

  <leader>00366nam a22001217a 4500</leader>
  <datafield tag="040" ind1=" " ind2=" ">
    <subfield code="c">HS</subfield>
  </datafield>
  <datafield tag="082" ind1=" " ind2=" ">
    <subfield code="a">333</subfield>
  </datafield>
  <datafield tag="100" ind1=" " ind2=" ">
    <subfield code="a">&#x179C;&#x1793; &#x1798;&#x17BB;&#x1793;&#x17B7;&#x1793;&#x17D2;&#x1791;</subfield>
  </datafield>
  <datafield tag="245" ind1=" " ind2=" ">
    <subfield code="a">&#x1780;&#x17B6;&#x179A;&#x179C;&#x17B6;&#x1799;&#x178F;&#x1798;&#x17D2;&#x179B;&#x17C3;&#x1795;&#x179B;&#x1794;&#x17C9;&#x17C7;&#x1796;&#x17B6;&#x179B;&#x17CB;&#x1794;&#x179A;&#x17B7;&#x179F;&#x17D2;&#x1790;&#x17B6;&#x1793; environmental impact assessment</subfield>
  </datafield>
  <datafield tag="260" ind1=" " ind2=" ">
    <subfield code="a">RUA</subfield>
    <subfield code="b">&#x179C;&#x1793; &#x1798;&#x17BB;&#x1793;&#x17B7;&#x1793;&#x17D2;&#x1791;</subfield>
    <subfield code="c">2009</subfield>
  </datafield>
  <datafield tag="300" ind1=" " ind2=" ">
    <subfield code="a">67p;</subfield>
  </datafield>
  <datafield tag="942" ind1=" " ind2=" ">
    <subfield code="c">KB</subfield>
  </datafield>
  <datafield tag="999" ind1=" " ind2=" ">
    <subfield code="c">9157</subfield>
    <subfield code="d">9157</subfield>
  </datafield>
  <datafield tag="952" ind1=" " ind2=" ">
    <subfield code="0">0</subfield>
    <subfield code="1">0</subfield>
    <subfield code="4">0</subfield>
    <subfield code="6">333_000000000000000_&#x179C;&#x1793;_2009_C191</subfield>
    <subfield code="7">0</subfield>
    <subfield code="9">50861</subfield>
    <subfield code="a">LBC</subfield>
    <subfield code="b">LBC</subfield>
    <subfield code="c">C191</subfield>
    <subfield code="d">2016-08-25</subfield>
    <subfield code="o">333 &#x179C;&#x1793; 2009 C191</subfield>
    <subfield code="p">RUA44302</subfield>
    <subfield code="r">2016-08-25</subfield>
    <subfield code="y">KB</subfield>
  </datafield>
  <datafield tag="952" ind1=" " ind2=" ">
    <subfield code="0">0</subfield>
    <subfield code="1">0</subfield>
    <subfield code="4">0</subfield>
    <subfield code="6">333_000000000000000_&#x179C;&#x1793;_2009_C243</subfield>
    <subfield code="7">0</subfield>
    <subfield code="9">53060</subfield>
    <subfield code="a">LBC</subfield>
    <subfield code="b">LBC</subfield>
    <subfield code="c">C243</subfield>
    <subfield code="d">2016-10-14</subfield>
    <subfield code="o">333 &#x179C;&#x1793; 2009 C243</subfield>
    <subfield code="p">A00142</subfield>
    <subfield code="r">2016-10-14</subfield>
    <subfield code="y">KB</subfield>
  </datafield>
</record>
